Pracovní aktivita v rozvinuté socialistické společnosti

Saved in:
Bibliographic Details
Main Author: Hýsek, Jan
Format: Book
Language:Czech
Published: Praha Práce 1978
Series:Záře
Tags: Add Tag
No Tags, Be the first to tag this record!

MARC

LEADER 00000nam a2200000 4500
001 c119966
005 20050302095227.7
041 0 |a cze 
044 |a CZ 
245 1 0 |a Pracovní aktivita v rozvinuté socialistické společnosti  |c Jan Hýsek 
264 1 |a Praha  |b Práce  |c 1978 
300 |a 203 s. 
490 1 |a Záře 
830 0 |a Záře 
100 1 |a Hýsek, Jan